Security analysis and portfolio management (Record no. 123177)

MARC details
000 -LEADER
fixed length control field 00401nam a2200157Ia 4500
008 - FIXED-LENGTH DATA ELEMENTS--GENERAL INFORMATION
fixed length control field 230917s9999||||xx |||||||||||||| ||und||
040 ## - CATALOGING SOURCE
-- 107803
Original cataloging agency VIVEKANANDA LIBRARY
041 ## - Language
-- English
082 ## - DDC NUMBER
Classification number 658.152 F522S
100 ## - MAIN ENTRY--PERSONAL NAME
Personal name Fischer, Donald E.
245 #0 - TITLE STATEMENT
Title Security analysis and portfolio management
250 ## - EDITION STATEMENT
Edition statement 6th ed.
260 ## - PUBLICATION, DISTRIBUTION, ETC. (IMPRINT)
Place of publication, distribution, etc Delhi
Name of publisher, distributor, etc Pearson Education
Date of publication, distribution, etc 2004
300 ## - PHYSICAL DESCRIPTION
Pages 691p p.
942 ## - ADDED ENTRY ELEMENTS (KOHA)
Koha item type Books
Holdings
Withdrawn status Lost status Damaged status Not for loan Location (home branch) Sublocation or collection (holding branch) Shelving location Date acquired Koha issues (times borrowed) Koha full call number Accession No. Koha date last seen Koha item type
        VIVEKANANDA LIBRARY VIVEKANANDA LIBRARY IMSAR Library 22/07/2005 4 658.152 F522S 218080 12/12/2025 Books
        VIVEKANANDA LIBRARY VIVEKANANDA LIBRARY   22/07/2005 1 658.152 F522S 259066 21/02/2024 Books
© Designed and Maintained by Vivekananda Library, MDU Rohtak